Bargaining and dispute resoluton curricula : a sourcebook
Αποθηκεύτηκε σε:
| Άλλοι συγγραφείς: | , |
|---|---|
| Μορφή: | Βιβλίο |
| Γλώσσα: | English |
| Δημοσίευση: |
North Carolina :
Eno River,
1985
|
| Σειρά: | Business administration reading lists and cource outlines ;
; 12 |
| Θέματα: | |
| Ετικέτες: |
Προσθήκη ετικέτας
Δεν υπάρχουν, Καταχωρήστε ετικέτα πρώτοι!
|
MARC
| LEADER | 00000nam a2200000 i 4500 | ||
|---|---|---|---|
| 001 | 1/1320 | ||
| 008 | 950710s1985 eng d | ||
| 020 | |a 0-88024-112-8 | ||
| 035 | |l 10014397 | ||
| 040 | |a GR-MY-UA |b gre |e aacr | ||
| 041 | 0 | |a eng | |
| 082 | 0 | |a 658 | |
| 245 | 1 | 0 | |a Bargaining and dispute resoluton curricula : |b a sourcebook / |c volume compiled by Margaret A. Neale and Gregory B. Northcraft |
| 260 | |a North Carolina : |b Eno River, |c 1985 | ||
| 300 | |a 238 p. | ||
| 490 | 1 | |a Business administration reading lists and cource outlines |v ; 12 | |
| 650 | 0 | 0 | |a Business education |x Curricula. |
| 650 | 0 | 0 | |a Management. |
| 700 | 1 | |a Neale, Margaret Ann. |4 edt | |
| 700 | 1 | |a Northcraft, Gregory B. |4 edt | |
| 830 | 0 | |a Business administration reading lists and cource outlines ; |v ; 12 | |
| 852 | |a INST |b LESVOS |e 19950710 |h 658 BAR |p 005100007797 |q 005100007797 |t BK |y 620 | ||
| 909 | |a Λ |b 007419 | ||
| 922 | |a 1ΕΛΗ |b 198702 |c ΠΠ/825/17 |d GLORY | ||
| 970 | |z 2000/06/ΟΙΚΟΝΟΜΟΠΟΥΛΟΥ ΧΡΙΣΤΙΝΑ | ||